| 000 | 00640nam a22001937a 4500 | ||
|---|---|---|---|
| 999 |
_c24693 _d24693 |
||
| 003 | NUST | ||
| 008 | 140702b xxu||||| |||| 00| 0 eng d | ||
| 020 | _cAvailable | ||
| 038 | _aNusrat Nadeem | ||
| 040 |
_aDLC _bDLC _cRCMS |
||
| 082 | _a629.134 JUN | ||
| 100 |
_aAhmad Junaid _913738 |
||
| 245 |
_aMS-Thesis: Finite Element Analyses of Crack Propagation Behaviour At A BI - Material Interface Under Impact Loading _cJunaid Ahmad |
||
| 260 |
_aRisalpur, _bCAE _c2005. |
||
| 300 |
_axxvi,167,p: _bill: _cHB. |
||
| 600 |
_xDepartment of Aerospace Engineering _913739 |
||
| 700 |
_aDr.M.A Irfan (Supervisor ) _913740 |
||
| 942 |
_2ddc _cTHE |
||